[Event "73rd ARM-chW Highest League 2018"]
[Site "Yerevan"]
[Date "2018.01.20"]
[Round "9"]
[White "Asatryan, Sona"]
[Black "Gevorgyan, Maria"]
[Result "1-0"]
[WhiteElo "2111"]
[BlackElo "2258"]
[Annotator "NA"]
[PlyCount "91"]
[EventDate "2018.??.??"]
[EventType "tourn"]
[EventCountry "ARM"]
[SourceTitle "playchess.com"]
[Source "ChessBase"]
[SourceQuality "1"]
[TimeControl "40/5400+30:1800+30"]

1. e4 {[%emt 0:00:00]} c5 {[%emt 0:02:10]} 2. Nf3 {[%emt 0:00:00]} e6 {[%emt 0:00:04]} 3. d4 {[%emt 0:00:00]} cxd4 {[%emt 0:00:04]} 4. Nxd4 {[%emt 0:00:00]} a6 {[%emt 0:00:03]} 5. c4 {[%emt 0:00:12]} Nf6 {[%emt 0:00:10]} 6. Nc3 {[%emt 0:00:17]} Qc7 {[%emt 0:00:05]} 7. Be2 {[%emt 0:00:46]} Bb4 {[%emt 0:00:05]} 8. Qd3 {[%emt 0:04:54]} Nc6 {[%emt 0:00:09]} 9. Nxc6 {[%emt 0:00:27]} dxc6 {[%emt 0:00:06]} 10. a3 {[%emt 0:00:35]} Bd6 {[%emt 0:03:40]} 11. Bg5 {[%emt 0:04:37]} Nd7 {[%emt 0:06:46]} 12. Rd1 {[%emt 0:02:56]} Be5 {[%emt 0:04:58]} 13. g3 {[%emt 0:11:31]} Bf6 {[%emt 0:07:47]} 14. Bxf6 {[%emt 0:07:23]} Nxf6 {[%emt 0:00:13]} 15. e5 $1 {[%emt 0:00:14]} Nd7 {[%emt 0:00:47]} 16. f4 {[%emt 0:00:41]} O-O {[%emt 0:03:56]} 17. Ne4 $18 {[%emt 0:03:37]} f6 {[%emt 0:03:22]} 18. Nd6 {[%emt 0:06:51]} Nc5 {[%emt 0:01:07]} 19. Qd4 {[%emt 0:04:11]} b6 {[%emt 0:00:13]} 20. O-O {[%emt 0:08:58]} a5 {[%emt 0:12:13]} 21. b4 {[%emt 0:10:50]} axb4 {[%emt 0:00:34]} 22. axb4 {[%emt 0:00:03]} Na6 {[%emt 0:01:30]} 23. c5 {[%emt 0:06:47]} bxc5 {[%emt 0:13:35]} 24. bxc5 {[%emt 0:00:07]} Rb8 {[%emt 0:00:03]} 25. Rb1 {[%emt 0:05:44]} Rxb1 {[%emt 0:11:48]} 26. Rxb1 {[%emt 0:00:13]} Qd7 {[%emt 0:02:00]} 27. Ra1 {[%emt 0:02:48]} Nc7 {[%emt 0:00:11]} 28. Ra7 {[%emt 0:01:44]} Qd8 {[%emt 0:01:45]} 29. exf6 {[%emt 0:01:57]} gxf6 {[%emt 0:01:07]} 30. Qe4 {[%emt 0:04:48]} Bd7 {[%emt 0:03:05]} 31. Qb4 {[%emt 0:02:41]} Bc8 {[%emt 0:02:49]} 32. Qb6 {[%emt 0:03:32]} Nd5 {[%emt 0:02:50]} 33. Qxc6 {[%emt 0:00:27]} f5 {[%emt 0:00:27]} 34. Bf3 {[%emt 0:04:45]} Nf6 {[%emt 0:07:19]} 35. Ra8 {[%emt 0:00:53]} Nd5 {[%emt 0:05:47]} 36. Qxc8 {[%emt 0:00:53]} Qxc8 {[%emt 0:01:25]} 37. Rxc8 {[%emt 0:00:04]} Rxc8 {[%emt 0:00:02]} 38. Nxc8 {[%emt 0:00:04]} Nb4 {[%emt 0:00:03]} 39. c6 {[%emt 0:01:40]} Kf8 {[%emt 0:00:03]} 40. Nd6 {[%emt 0:00:00]} Na6 {[%emt 0:00:14]} 41. Nb5 {[%emt 0:02:34]} Ke7 {[%emt 0:00:06]} 42. Kg2 {[%emt 0:00:52]} Nc5 {[%emt 0:00:08]} 43. Kh3 {[%emt 0:00:58]} Kd8 {[%emt 0:01:48]} 44. Kh4 {[%emt 0:02:16]} e5 {[%emt 0:00:21]} 45. fxe5 {[%emt 0:00:19]} Nd3 {[%emt 0:00:03]} 46. Bd5 {[%emt 0:01:22]} 1-0